|
|
|
|
| LEADER |
01416nam a2200325 a 4500 |
| 001 |
29510 |
| 003 |
BD-DhAAL |
| 005 |
20150910020003.0 |
| 008 |
150801s2009 enk b 001 0 eng |
| 010 |
|
|
|a 2009023537
|
| 020 |
|
|
|a 9780199565832 (hbk. : alk. paper)
|
| 020 |
|
|
|a 019956583X (hbk. : alk. paper)
|
| 020 |
|
|
|a 9780199565849 (pbk. : alk. paper)
|
| 020 |
|
|
|a 0199565848 (pbk. : alk. paper)
|
| 035 |
|
|
|a (OCoLC)ocn383839772
|
| 040 |
|
|
|a DLC
|c DLC
|d BWKUK
|d BWK
|d CDX
|d YDXCP
|d BWX
|d DLC
|d BD-DhAAL
|
| 050 |
0 |
0 |
|a K1315
|b .A53 2009
|
| 082 |
0 |
0 |
|a 346.066
|2 22
|
| 245 |
0 |
4 |
|a The anatomy of corporate law :
|b a comparative and functional approach /
|c Reinier Kraakman ... [et al.].
|
| 250 |
|
|
|a 2nd ed.
|
| 260 |
|
|
|a Oxford ;
|a New York :
|b Oxford University Press,
|c 2009.
|
| 300 |
|
|
|a xix, 322 p. ;
|c 25 cm.
|
| 504 |
|
|
|a Includes bibliographical references and index.
|
| 541 |
|
|
|e 29510
|
| 650 |
|
0 |
|a Corporation law.
|9 6612
|
| 700 |
1 |
|
|a Kraakman, Reinier H.
|9 13407
|
| 942 |
|
|
|2 ddc
|c BK
|0 1
|
| 999 |
|
|
|c 35118
|d 35118
|
| 952 |
|
|
|0 0
|1 0
|2 ddc
|4 0
|6 346_066000000000000_ANA
|7 0
|9 55061
|a BRACUL
|b BRACUL
|c GEN
|d 2015-08-01
|e Karim International
|g 2870.00
|l 3
|m 44
|o 346.066 ANA
|p 3010029510
|r 2025-11-16
|s 2025-10-29
|t 1
|w 2015-08-01
|y BK
|
| 952 |
|
|
|0 0
|1 0
|2 ddc
|4 0
|6 346_066000000000000_ANA
|7 0
|9 55062
|a BRACUL
|b BRACUL
|c GEN
|d 2015-08-01
|e Karim International
|g 2870.00
|l 3
|m 33
|o 346.066 ANA
|p 3010029511
|r 2025-09-23
|s 2025-09-20
|t 2
|w 2015-08-01
|y BK
|